Online
Catalog

Desarrolle e implemente un sistema operacional / (Record no. 23764)

MARC details
000 -CABECERA
campo de control de longitud fija 00690nam a2200205 a 4500
001 - NÚMERO DE CONTROL
campo de control 000024270
005 - FECHA Y HORA DE LA ÚLTIMA TRANSACCIÓN
campo de control 20200930022850.0
008 - DATOS DE LONGITUD FIJA--INFORMACIÓN GENERAL
campo de control de longitud fija 110125s1998 mx a r 000 | spa d
020 ## - NÚMERO INTERNACIONAL ESTÁNDAR DEL LIBRO
Número Internacional Estándar del Libro 9701701151
040 ## - FUENTE DE LA CATALOGACIÓN
Centro catalogador/agencia de origen DO-SdBNP
Lengua de catalogación spa
Centro/agencia transcriptor BNPHU
082 ## - NÚMERO DE LA CLASIFICACIÓN DECIMAL DEWEY
Número de clasificación xxx
Número de documento/Ítem C454d
049 ## - FONDOS LOCALES (OCLC)
Fondos de biblioteca BNGR
100 1# - ENTRADA PRINCIPAL--NOMBRE DE PERSONA
Nombre de persona Chande, Tushar S.
9 (RLIN) 49816
245 10 - MENCIÓN DE TÍTULO
Título Desarrolle e implemente un sistema operacional /
Mención de responsabilidad, etc. Tushar S. Chande ; traducción Angel Homero Flores Samaniego.
260 ## - PUBLICACIÓN, DISTRIBUCIÓN, ETC.
Lugar de publicación, distribución, etc. México, D. F. :
Nombre del editor, distribuidor, etc. Prentice Hall,
Fecha de publicación, distribución, etc. 1998.
300 ## - DESCRIPCIÓN FÍSICA
Extensión x, 267 p. :
Otras características físicas il. + un disco (3/4 plg.) ;
Dimensiones 23 cm.
500 ## - NOTA GENERAL
Nota general Incluye bibliografía
500 ## - NOTA GENERAL
Nota general Incluye índice
700 1# - PUNTO DE ACCESO ADICIONAL--NOMBRE DE PERSONA
Nombre de persona Flores Samaniego, Angel Homero
Término indicativo de función/relación tr.
9 (RLIN) 49817
Holdings
Estado de retiro Estado de pérdida Restricciones de uso No para préstamo Código de colección Localización permanente Ubicación/localización actual Ubicación en estantería Fecha de adquisición Número de inventario Total de préstamos Signatura topográfica completa Código de barras Fecha visto por última vez Precio válido a partir de Tipo de ítem Koha
      Excluido de préstamo Monografías: Libros y Folletos General General Depósito 25.01.2011 LF1   xxx C454d 24270-10 25.06.2020 25.06.2020 No se presta

Powered by Koha